Dramaturgicko-režijné smerovanie činohry Divadla Jonáša Záborského v Prešove v posledných sezónach

Bibliographic Details
Main Author: Maťašík, Andrej, 1953-2017 (Author)
Format: Article
Language:Slovak
PhysicalDescription:Fotogr. 6, lit. 5 zázn. v slov.
ISSN:0037-699X
Subjects:

MARC

LEADER 00000nab a2200000 a 4500
001 vtls000501328
003 SK-MaSNL
005 20260305021639.0
008 250425c1993 xo 0 slo
015 |a SNBRB19rr/mm-uuuuu 
035 |a CL0501466 
035 |a (urnnbn)urn:nbn:sk:snk:ar-a09czw 
035 |a (uuid)c850d3a8-3571-4512-9138-52302ea81e71 
035 |a urn:nbn:sk:snk-ab8e9j 
040 |a SNKBUCL  |b slo  |c SNKBUCL  |e AACR2 
041 0 |a slo 
044 |a xo  |c SK 
080 |a 792(437.6):792.2:792.027  |2 1981 
080 |a 792.2  |2 1981 
080 |a 792.027  |2 1981 
100 1 |a Maťašík, Andrej,  |d 1953-2017  |4 aut  |9 102086 
245 1 0 |a Dramaturgicko-režijné smerovanie činohry Divadla Jonáša Záborského v Prešove v posledných sezónach  |c Andrej Maťašík 
300 |b Fotogr. 6, lit. 5 zázn. v slov. 
610 2 7 |a Divadlo Jonáša Záborského  |2 snkbucl  |9 29722 
650 0 7 |a divadelná réžia  |2 snkbucl  |9 3341 
650 0 7 |a divadelná dramaturgia  |2 snkbucl  |9 73590 
655 7 |a články z novín a časopisov  |2 snkbucl  |9 267496 
773 0 |t Slovenské divadlo  |g Roč. 41, č. 3 (1993), s. 299-308  |x 0037-699X 
850 |a Slovenská národná knižnica 
852 |a Slovenská národná knižnica 
954 |a odborná, vedecká literatúra pôvodná (slovenská)  |2 lita 
957 |a 5407 
958 |a article9 
958 |a NB 
958 |a RK 
958 |a OND 
958 |a EUIPO 
992 |a RBX 
999 |c 3287394  |d 3289324